|
|
|
|
| LEADER |
00000nam0a2200000 4500 |
| 001 |
263488 |
| 005 |
20231101233737.0 |
| 035 |
|
|
|a (RuTPU)RU\TPU\book\286473
|
| 090 |
|
|
|a 263488
|
| 100 |
|
|
|a 20140609d1987 k y0rusy50 ca
|
| 101 |
1 |
|
|a rus
|c eng
|
| 102 |
|
|
|a RU
|
| 105 |
|
|
|a a z 001zy
|
| 200 |
1 |
|
|a Геохимия благородных газов
|e пер. с англ.
|f М. Озима, Ф. Подосек
|
| 210 |
|
|
|a Ленинград
|c Недра
|d 1987
|
| 215 |
|
|
|a 343 с.
|c ил.
|
| 320 |
|
|
|a Библиогр.: с. 321-340
|
| 606 |
1 |
|
|a Геохимия
|2 stltpush
|3 (RuTPU)RU\TPU\subj\30062
|9 34219
|
| 610 |
1 |
|
|a благородные газы
|
| 610 |
1 |
|
|a воздух
|
| 610 |
1 |
|
|a ядерная химия
|
| 610 |
1 |
|
|a физическая химия
|
| 610 |
1 |
|
|a космохимия
|
| 610 |
1 |
|
|a осадочные породы
|
| 610 |
1 |
|
|a изверженные породы
|
| 610 |
1 |
|
|a эманирование
|
| 610 |
1 |
|
|a мантия
|
| 610 |
1 |
|
|a эволюция
|
| 675 |
|
|
|a 550.42:546.2
|v 3
|
| 700 |
|
1 |
|a Озима
|b М.
|
| 701 |
|
1 |
|a Подосек
|b Ф.
|
| 801 |
|
1 |
|a RU
|b 63413507
|c 20140609
|
| 801 |
|
2 |
|a RU
|b 63413507
|c 20170209
|g RCR
|
| 942 |
|
|
|c BK
|